00614nam a22002057a 450000500170000001000130001702000110003003500130004103700160005404000120007008200210008210000320010324500630013524600480019826000530024627000440029930000200034365000240036365000210038720170123162306.0 aB-029173 c250.00 aB-029173 bCen Lib/Ret aDPLbUR a840.92bر ح ی aرہیمددیں کمال  aچند اربابِ کمال /cرہیمددیں کمال  aChand arbabe kamaal /bby Raheemuddin Kamal aدہلی bمقتبہ جامہ لمیٹڈ c1999 aاردو بازار bدہلی e110006 a312p.c21cm(Hb) aاردو ادب v  aUrdu literature